| 000 | 00844 a2200217 4500 | ||
|---|---|---|---|
| 999 |
_c4885 _d4885 |
||
| 020 | _a0878910093 | ||
| 050 | 0 | 0 | _aPS3573 WAL 1992 |
| 100 | 1 |
_aHubert, Christopher A. _eauthor |
|
| 245 | 1 | 0 |
_aAlice Walker's The color purple / _ctext by Christopher Hubert ; illustrations by Jerome Press. |
| 264 |
_aLondon : _bWomen's Press, _c1983. |
||
| 300 | _av, 120, [1] p. ; | ||
| 500 | _anovel | ||
| 504 | _aIncludes bibliographical references (p. [121]). | ||
| 650 |
_aAfrican American Women, Adult sexual abuse _xFiction |
||
| 650 | _aAdult sexual abuse | ||
| 650 | _aAbused Wives | ||
| 651 | _aAmerica | ||
| 856 | 4 | 2 |
_3Publisher description _uhttp://www.loc.gov/catdir/enhancements/fy0917/96067441-d.html |
| 942 |
_2lcc _cBK _h3573 _iWAL _kPS |
||